Small island / (Record no. 233308)

000 -LEADER
fixed length control field 01107cam a2200325 a 4500
001 - CONTROL NUMBER
control field 14063981
003 - CONTROL NUMBER IDENTIFIER
control field Nust
005 - DATE AND TIME OF LATEST TRANSACTION
control field 20170306160936.0
008 - FIXED-LENGTH DATA ELEMENTS--GENERAL INFORMATION
fixed length control field 050804s2004 enk 000 1 eng d
010 ## - LIBRARY OF CONGRESS CONTROL NUMBER
LC control number 2005415917
015 ## - NATIONAL BIBLIOGRAPHY NUMBER
National bibliography number GBA3-T8407
020 ## - INTERNATIONAL STANDARD BOOK NUMBER
International Standard Book Number 9780755325658
035 ## - SYSTEM CONTROL NUMBER
System control number (OCoLC)ocm53393222
040 ## - CATALOGING SOURCE
Original cataloging agency UKM
Transcribing agency UKM
Modifying agency OUN
-- GZM
-- OCLCQ
-- DLC
042 ## - AUTHENTICATION CODE
Authentication code lccopycat
043 ## - GEOGRAPHIC AREA CODE
Geographic area code e-uk-en
050 00 - LIBRARY OF CONGRESS CALL NUMBER
Classification number PR6112.E889
Item number S63 2004
082 04 - DEWEY DECIMAL CLASSIFICATION NUMBER
Classification number 823.914
Author Mark LEV
100 1# - MAIN ENTRY--PERSONAL NAME
Personal name Levy, Andrea,
Dates associated with a name 1956-
245 10 - TITLE STATEMENT
Title Small island /
Statement of responsibility, etc. Andrea Levy.
260 ## - PUBLICATION, DISTRIBUTION, ETC.
Place of publication, distribution, etc. London :
Name of publisher, distributor, etc. Review,
Date of publication, distribution, etc. 2004.
300 ## - PHYSICAL DESCRIPTION
Extent 533 p. ;
Dimensions 21 cm.
650 #0 - SUBJECT ADDED ENTRY--TOPICAL TERM
Topical term or geographic name entry element Jamaicans
Geographic subdivision England
-- London
Form subdivision Fiction.
650 #0 - SUBJECT ADDED ENTRY--TOPICAL TERM
Topical term or geographic name entry element Immigrants
Geographic subdivision England
-- London
Form subdivision Fiction.
650 #0 - SUBJECT ADDED ENTRY--TOPICAL TERM
Topical term or geographic name entry element Racism
Form subdivision Fiction.
651 #0 - SUBJECT ADDED ENTRY--GEOGRAPHIC NAME
Geographic name London (England)
General subdivision Social conditions
Form subdivision Fiction.
906 ## - LOCAL DATA ELEMENT F, LDF (RLIN)
a 7
b cbc
c copycat
d 2
e ncip
f 20
g y-gencatlg
942 ## - ADDED ENTRY ELEMENTS (KOHA)
Source of classification or shelving scheme
Koha item type Book
Holdings
Withdrawn status Lost status Source of classification or shelving scheme Damaged status Not for loan Permanent Location Current Location Shelving location Date acquired Total Checkouts Full call number Barcode Date last seen Copy number Price effective from Koha item type
          Central Library (CL) Central Library (CL) Fiction 03/06/2017   823.914 LEV CL1675 03/06/2017 1 03/06/2017 Book
© 2023 Central Library, National University of Sciences and Technology. All Rights Reserved.